Thornyhold / (Record no. 588603)

000 -LEADER
fixed length control field 00653pam a2200253 a 4500
001 - CONTROL NUMBER
control field 1492451
003 - CONTROL NUMBER IDENTIFIER
control field NUST
005 - DATE AND TIME OF LATEST TRANSACTION
control field 20220306111027.0
008 - FIXED-LENGTH DATA ELEMENTS--GENERAL INFORMATION
fixed length control field 880606s1988 nyua 000 1 eng
010 ## - LIBRARY OF CONGRESS CONTROL NUMBER
LC control number 88013194
020 ## - INTERNATIONAL STANDARD BOOK NUMBER
International Standard Book Number 0688084257
038 ## - RECORD CONTENT LICENSOR
Staff Name waseem
040 ## - CATALOGING SOURCE
Original cataloging agency DLC
Transcribing agency DLC
Modifying agency DLC
050 00 - LIBRARY OF CONGRESS CALL NUMBER
Classification number PR6069.T46
Item number T47 1988
082 00 - DEWEY DECIMAL CLASSIFICATION NUMBER
Classification number 823.914
Author Mark STE
100 1# - MAIN ENTRY--PERSONAL NAME
Personal name Stewart, Mary,
Dates associated with a name 1916-2014.
9 (RLIN) 90325
245 10 - TITLE STATEMENT
Title Thornyhold /
Statement of responsibility, etc. Mary Stewart.
250 ## - EDITION STATEMENT
Edition statement 1st U.S. ed.
260 ## - PUBLICATION, DISTRIBUTION, ETC.
Place of publication, distribution, etc. New York :
Name of publisher, distributor, etc. Morrow,
Date of publication, distribution, etc. c1988.
300 ## - PHYSICAL DESCRIPTION
Extent 188 p. :
Dimensions 21 cm.
563 ## - BINDING INFORMATION
Binding note HBK.
906 ## - LOCAL DATA ELEMENT F, LDF (RLIN)
a 7
b cbc
c orignew
d 1
e ocip
f 19
g y-gencatlg
942 ## - ADDED ENTRY ELEMENTS (KOHA)
Source of classification or shelving scheme
Koha item type Book
Holdings
Withdrawn status Lost status Source of classification or shelving scheme Damaged status Not for loan Permanent Location Current Location Shelving location Date acquired Source of acquisition Total Checkouts Full call number Barcode Date last seen Price effective from Koha item type
          Central Library (CL) Central Library (CL) Fiction 03/06/2022 Donated by Student Affairs NUST   823.914 STE CL-D-1520 03/06/2022 03/06/2022 Book
© 2023 Central Library, National University of Sciences and Technology. All Rights Reserved.